书目信息 |
| 题名: |
花园别墅造园实例图册 3
|
|
| 作者: | 三桥一夫 著 ;苏利英 译 | |
| 分册: | 3 小庭园 | |
| 出版信息: | 北京 中国建筑工业出版社 2002.11 |
|
| 页数: | 159页 | |
| 开本: | 29cm | |
| 丛书名: | ||
| 单 册: | ||
| 中图分类: | TU986.58 | |
| 科图分类: | ||
| 主题词: | 园林--规划 , 公园--绿化规划 | |
| 电子资源: | ||
| ISBN: | 7-112-05241-6 | |
| 000 | 00737nam0 2200229 45 | |
| 001 | 0261738872 | |
| 005 | 2002101817085887 | |
| 010 | @a7-112-05241-6@dRMB 68.00 | |
| 100 | @a20021018d2002 km y0chiy0120 ea | |
| 101 | 0 | @achi |
| 102 | @aCN@b110000 | |
| 200 | 1 | @a花园别墅造园实例图册 3@Ahua yuan bie shu zao yuan shi li tu ce 3@f(日)三桥一夫著@F(Ri)San Qiao Yi Fu Zhu@g苏利英译@GSu Li Ying Yi@h3@i小庭园 |
| 210 | @a北京@c中国建筑工业出版社@d2002.11 | |
| 215 | @a159页@d29cm | |
| 517 | @a小庭园@AXiao Ting Yuan | |
| 606 | 0 | @a园林@x规划 |
| 606 | 0 | @a公园@x绿化规划 |
| 690 | @aTU986.58@v3 | |
| 701 | 0 | @a三桥一夫@ASan Qiao Yi Fu@4著 |
| 702 | 0 | @a苏利英@ASu Li Ying@4译 |
| 801 | 0 | @aCN@bPFT@c20021018 |
| 905 | @a10447@dTU986.58@eS026:3 | |
| 花园别墅造园实例图册 3/(日)三桥一夫著/苏利英译.3.小庭园.-北京:中国建筑工业出版社,2002.11 |
| 159页;29cm |
| ISBN 7-112-05241-6:RMB 68.00 |
| ● |
| 相关链接 |
|
|
|
正题名:花园别墅造园实例图册 3
索取号:TU986.58/S026:3
 
预约/预借
| 序号 | 登录号 | 条形码 | 馆藏地/架位号 | 状态 | 备注 |
| 1 | 370161 | 203701618 | 建筑库201/201建筑库 118排2列5层/ [索取号:TU986.58/S026:3] | 在馆 | |
| 2 | 370162 | 203701627 | 建筑库201/201建筑库 118排2列5层/ [索取号:TU986.58/S026:3] | 在馆 |